| 000 | 01690nam0a2200301 4500 | ||
|---|---|---|---|
| 001 | RU\NLR\bibl\327666 | ||
| 005 | 20260405061044.0 | ||
| 020 |
_aRU _b00-12325 _9Летопись авторефератов диссертаций |
||
| 021 |
_aRU _b99-9713a _999-389А |
||
| 035 | _a(NLR Aleph) 000322656 | ||
| 090 |
_a107044 _c107044 |
||
| 100 | _a20020305d1999 u u0rusy50 ca | ||
| 101 | 0 | _arus | |
| 102 | _aRU | ||
| 105 | _aa dm ||||| | ||
| 200 | 1 |
_aСовершенствование организационно-экономического механизма прогнозирования продаж продукции машиностроительного предприятия _e(на прим. Акционерного Московского Общества "Завод им. И.А.Лихачева") _eАвтореф. дис. на соиск. учен. степ. к.э.н. _eСпец. 08.00.05 _fАлексеев С.В. _gМ-во образования Рос. Федерации, Моск. гос. индустр. ун-т |
|
| 210 |
_aМ. _d1999 |
||
| 215 |
_a21 с. _cил. _d21 |
||
| 320 | _aБиблиогр.: с. 20 - 21 (11 назв.) | ||
| 610 | 0 | _aТехнические науки - Машиностроение и машиноведение. Обработка конструкционных материалов | |
| 686 |
_a08.00.05 _2oksvnk |
||
| 700 | 1 |
_4070 _8rus _7ca _aАлексеев _bС. В. _f1973- _cд-р юрид. наук _gСергей Викторович _3RU\NLR\auth\7720186 _93254 |
|
| 801 | 0 |
_aRU _bRKP _c20020305 _gPSBO |
|
| 801 | 1 |
_aRU _bRKP _c20020305 |
|
| 801 | 2 |
_aRU _bNLR _c20130911 _grcr |
|
| 852 |
_aNLR _jА99/9713 |
||
| 942 | _cBOOK | ||